Top 15 Największych Eksporterów Kawy - Statystyki

Ogólne statystyki
  • Ten quiz został rozwiązany 207 razy
  • Średni wynik to 11 z 15
Statystyki odpowiedzi
Top 15 Kontynent Państwo % Poprawnych
1 Ameryka Południowa Brazylia
99%
6 Europa Włochy
91%
12 Ameryka Północna Stany Zjednoczone
90%
14 Europa Francja
88%
3 Ameryka Południowa Kolumbia
86%
15 Azja Indie
85%
5 Europa Niemcy
82%
10 Ameryka Południowa Peru
78%
7 Azja Indonezja
72%
2 Azja Wietnam
57%
9 Europa Belgia
55%
8 Ameryka Północna Honduras
55%
11 Afryka Etiopia
51%
13 Ameryka Północna Gwatemala
51%
4 Europa Szwajcaria
41%
Nie znaleziono quizów pasujących do podanych kryteriów
Rozkład punktacji
Procent ludzi z każdym wynikiem
Percentyl według liczby udzielonych odpowiedzi
Twoja historia wyników
Nie rozwiązałeś tego quizu